00445nam a2200121 a 4500008004100000020001800041050001500059100002300074245009900097260005900196300003500255650003300290211123s2018 ||||||||||||||||| || u a9780128123515 aQP 517 Cel aPizzo, Salvatore V10aCell surface GRP78 a new paradigm in signal transduction biologycEdited by Salvatore V. Pizzo aOxfordbAcademic Press is an imprint of Elsevierc2018 aviii, 132 pages: illustrations aCELLULAR SIGNAL TRANSDUCTION